|
|
|
|
| LEADER |
00000nam a22000007a 4500 |
| 005 |
20180320202951.0 |
| 007 |
cr|||| |||| |
| 008 |
180320s2009 mx |||||s|||| 00||0 spa d |
| 020 |
|
|
|a 978-607-95058-7-5
|
| 035 |
|
|
|a 21111
|
| 040 |
|
|
|a vLex
|
| 090 |
|
|
|c 7512
|d 7512
|
| 100 |
1 |
|
|a Lp̤ez Br̀cenas, Francisco
|
| 245 |
1 |
2 |
|a El Derecho a la Alimentacin̤ en la Legislacin̤ Mexicana
|h [Recurso electrn̤ico] /
|c Francisco Lp̤ez Br̀cenas
|
| 256 |
|
|
|a Servicio en ln̕ea
|
| 260 |
|
|
|a Ciudad de Mx̌ico:
|b Cm̀ara de Diputados,
|c 2009
|
| 300 |
|
|
|a 1 recurso electrn̤ico
|
| 506 |
1 |
|
|a Disponible solo en los productos indicados
|d vLex Global
|d vLex Global (Academic Edition, excluding Law Schools)
|d vLex Global (U.S. Academic Edition, Law Schools)
|d vLex Global (U.S. Academic Edition, excluding Law Schools)
|d vLex Global (Academic Edition, Law Schools)
|
| 650 |
0 |
4 |
|a Derecho Constitucional
|z Mx̌ico
|
| 740 |
0 |
|
|a vLex Libros (Servicio en ln̕ea)
|
| 856 |
4 |
0 |
|u http://vlex.com/source/derecho-alimentacion-legislacion-mexicana-21111
|z Acceso restringido
|
| 942 |
|
|
|c BOOK
|
| 999 |
0 |
|
|a Constitutional right
|